• 首页
  • 本馆介绍
  • 公告通知
  • 最新文献
  • 馆藏检索
  • 电子资源
  • 读者导购
  • 参考咨询
  • 我的图书馆
  • 登录
  • 详细信息显示
  • 放入我的书架
  • 预约/预借图书
  • 作者相关作品
  • 分类相关作品
  • 丛书相关作品
  • 出版社相关作品

书目信息

  • 表格格式
  • 工作单格式
  • 卡片格式
题名:
长河集
    
 
作者: 沈从文 著
分册:  
出版信息: 长沙   岳麓书社  1992
页数: 258页
开本: 19cm
丛书名: 沈从文别集
单 册:
中图分类: I217.02 , I246.5 , I211
科图分类:
主题词: 长篇小说--中国--现代 , 长篇小说
电子资源:
ISBN: 7-80665-191-8
000 00911oam2 2200313 450
001 1557427094
005 20150129155740.34
010    @a7-80665-191-8@dCNY6.60
010    @a7-80520-340-7
100    @a20020905e20021992em y0chiy0110 ea
101 0  @achi
102    @aCN@b430000
105    @ay z 000ay
200 1  @a长河集@9chang he ji@f沈从文著
210    @a长沙@c岳麓书社@d1992@h2002
215    @a258页@d19cm
225 2  @a沈从文别集
330    @a本集共包括:《沈从文有关<长河>的三封家书》和《长河》两部分。《长河》以长沙流域一小水码头为背景,描写了当地一些凡人的生活。
461  0 @12001 @a沈从文别集
600  0 @a沈从文@j选集
600  0 @2CT@3S904629@a沈从文
606 0  @a长篇小说@y中国@z现代
606 0  @a长篇小说
690    @aI217.02@v5
690    @aI246.5@v5
690    @aI211@v4
701  0 @a沈从文@9shen cong wen@4著
801  0 @aCN@bTSSF@c20150129
905    @aZUCC@dI211@eJY175:5
    
    长河集/沈从文著.-长沙:岳麓书社,1992(2002)
    258页;19cm.-(沈从文别集)
    
    
    ISBN 7-80665-191-8:CNY6.60
    本集共包括:《沈从文有关<长河>的三封家书》和《长河》两部分。《长河》以长沙流域一小水码头为背景,描写了当地一些凡人的生活。
●
相关链接 在E读中查询图书 在五车中查询图书 在当当中查询图书 在豆瓣中查询图书


正题名:长河集     索取号:I211/JY175:5         预约/预借

序号 登录号 条形码 馆藏地/架位号 状态 备注
1 7838505   278385052   学院路分馆/ [索取号:I211/JY175:5] 在馆    
2 7838506   278385061   学院路分馆/ [索取号:I211/JY175:5] 在馆    
唐山师范学院图书馆 欢迎您!
大连网信软件有限公司© 版权所有